Flags of Europe in 1939 - Statistics

General Stats
  • This quiz has been taken 90 times
  • The average score is 28 of 32
Answer Stats
Picture Answer % Correct
Finland
96%
Estonia
95%
Belgium
94%
Denmark
94%
France
94%
Ireland
94%
Latvia
94%
Portugal
94%
Spain
94%
Switzerland
94%
United Kingdom
94%
Bulgaria
93%
Germany
93%
Liechtenstein
93%
Norway
93%
Poland
93%
San Marino
93%
Sweden
93%
Italy
91%
Luxembourg
91%
Monaco
91%
Netherlands
91%
Romania
91%
Soviet Union
91%
Vatican City
90%
Hungary
89%
Lithuania
89%
Greece
83%
Yugoslavia
77%
Andorra
69%
Danzig
46%
Slovakia
46%
No matching quizzes found
Score Distribution
Percent of People with Each Score
Percentile by Number Answered
Your Score History
You have not taken this quiz